000 01101nam a2200289 i 4500
001 12340
003 KOSZ 005
005 20191207113900.0
008 071109s1969 pl a f 001 0 pol
015 _aPB 1967/2504
040 _aWA N
_cKOSZ 005/ID
_dKOSZ 005/ID
080 _a621.3
100 1 _aStraszewski, Aleksander
_eAutor
245 1 0 _aProjektowanie instalacji energoelektrycznych /
_cAleksander Straszewski ; [współudz.: S. Grabowski].
250 _aWyd. 4.
260 _aWarszawa :
_bWydawnictwa Naukowo-Techniczne,
_c1969.
300 _a858 s. :
_bil. ;
_c25 cm.
380 _aKsiążki.
504 _aBibliogr. s. [917]-930. Indeks.
521 8 _aDla inżynierów i techników oraz studentów i uczniów.
650 4 _aElektrotechnika
_xurządzenia
_xprojekty.
655 4 _aPodręczniki akademickie
700 1 _aGrabowski, Stanisław
_c(energetyka).
_eAutor
710 2 _aWydawnictwa Naukowo-Techniczne
_4pbl.
856 _uhttp://koha.tu.koszalin.pl/cgi-bin/koha/opac-detail.pl?biblionumber=12340
_yKatalog online KBP
942 _2UKD
_cKS
999 _c12340
_d12340